00638nam a2200205Ia 4500003000400000005001700004008004100021040000700062041000800069082002000077100003100097245003500128250000600163260004100169365001300210906003600223942001200259999001900271952014200290OSt20230525111125.0210423s2000 xx 000 0 und d cAL aeng a616.89 GOLR223 aGOLDMAN (Howard H).975781 aReview of general psychiatry.. a7 aNew DelhibMacmillan India Ltdc2000 b917cINR ageneral ; psychiatry.. ; Review 2ddccBK c173426d173426 001040708MSWaSACPGbSACPGd2002-11-12eIntel Book Distributersg917.00l0o616.89 GOLRpPG020021r2022-08-24 00:00:00w2021-04-26yBK